000 00730nam a22002417a 4500
003 CHAP
005 20250611145553.0
008 971013s r 00010 d
010 _a51092
011 _a52064
035 _a56214
040 _cCHAP
090 _aR-987
100 0 0 _aWalker, C. H.
_eautor
_9120861
245 _aOrgnic chlorine insecticide residues in goodsanders and redbreasted mergansers
500 _aSobretiro de: Wildfowl Trust Annual Report 16, 1965. pp. 56-57
590 _aBATCH-UPD
_b10
_c20130110
_lUCH01
_h0552
590 _aCONVERSION
_b10
_c20130109
_lUCH01
_h1328
650 1 4 _aInsecticidas
_xResiduos.
_958880
901 _aBK
942 _cREIMP
949 _aR-987
_bBC
_cR
_d-122910
_eTS1
_i56214
_si
999 _c51092
_d51092